Welcome to CU Library Online Public Access Catalogue (OPAC)

Understanding nutrition / (Record no. 1403)

MARC details
000 -LEADER
fixed length control field 00918cam a22002414a 4500
001 - CONTROL NUMBER
control field 12337368
005 - DATE AND TIME OF LATEST TRANSACTION
control field 20241121151229.0
008 - FIXED-LENGTH DATA ELEMENTS--GENERAL INFORMATION
fixed length control field 010307s2002 caua b 001 0 eng
020 ## - INTERNATIONAL STANDARD BOOK NUMBER
International Standard Book Number 0534590047
050 00 - LIBRARY OF CONGRESS CALL NUMBER
Classification number QP141
Item number .W46 2002
082 00 - DEWEY DECIMAL CLASSIFICATION NUMBER
Classification number 613.2
Edition information 21
100 1# - MAIN ENTRY--PERSONAL NAME
Personal name Whitney, Eleanor Noss.
245 10 - TITLE STATEMENT
Title Understanding nutrition /
Statement of responsibility, etc. Eleanor Noss Whitney, Sharon Rady Rolfes.
250 ## - EDITION STATEMENT
Edition statement 9th ed.
260 ## - PUBLICATION, DISTRIBUTION, ETC.
Place of publication, distribution, etc. Belmont, CA :
Name of publisher, distributor, etc. Wadsworth,
Date of publication, distribution, etc. c2002.
300 ## - PHYSICAL DESCRIPTION
Extent 1 v. (various pagings) :
Other physical details col. ill. ;
Dimensions 29 cm.
650 #0 - SUBJECT ADDED ENTRY--TOPICAL TERM
Topical term or geographic name entry element Nutrition.
700 1# - ADDED ENTRY--PERSONAL NAME
Personal name Rolfes, Sharon Rady.
856 42 - ELECTRONIC LOCATION AND ACCESS
Materials specified Contributor biographical information
Uniform Resource Identifier <a href="http://www.loc.gov/catdir/enhancements/fy1515/2001023758-b.html">http://www.loc.gov/catdir/enhancements/fy1515/2001023758-b.html</a>
856 42 - ELECTRONIC LOCATION AND ACCESS
Materials specified Publisher description
Uniform Resource Identifier <a href="http://www.loc.gov/catdir/enhancements/fy1515/2001023758-d.html">http://www.loc.gov/catdir/enhancements/fy1515/2001023758-d.html</a>
856 41 - ELECTRONIC LOCATION AND ACCESS
Materials specified Table of contents only
Uniform Resource Identifier <a href="http://www.loc.gov/catdir/enhancements/fy1515/2001023758-t.html">http://www.loc.gov/catdir/enhancements/fy1515/2001023758-t.html</a>
942 ## - ADDED ENTRY ELEMENTS (KOHA)
Source of classification or shelving scheme Library of Congress Classification
Koha item type Books
Suppress in OPAC No
999 ## -
-- 1403
-- 1403
Holdings
Withdrawn status Lost status Source of classification or shelving scheme Damaged status Not for loan Collection Home library Current library Shelving location Date acquired Total checkouts Full call number Barcode Date last seen Copy number Price effective from Koha item type
    Library of Congress Classification     Non-fiction Undergraduate Library (Christ Temple) Undergraduate Library (Christ Temple) General stacks 11/21/2024   QP141.W46 WHI ulct00000351 11/21/2024 1 11/21/2024 Books
© 2023-2024 Copyright: Central University Libraries. All Rights Reserved | Created by: Mahone Tech Office